00423nam a2200181Ia 4500003000400000005001700004006001900021007000300040008004100043024001000084037001200094040002000106041001300126082002000139100002400159245004900183260000900232OSt20220928144004.0a|||||r|||| 00| 0 ta220927b |||||||| |||| 00| 0 eng d a23416 cTextual aSDCLcSDCLbeng 2engaeng aO152,1M86:g, M9 aSingh Ella Rani Ed. 0aMaithlisharan Gupt b Ek purnmulyankan.  c1989